<?xml version="1.0" encoding="UTF-8"?>
<record
    xmlns:xsi="http://www.w3.org/2001/XMLSchema-instance"
    xsi:schemaLocation="http://www.loc.gov/MARC21/slim http://www.loc.gov/standards/marcxml/schema/MARC21slim.xsd"
    xmlns="http://www.loc.gov/MARC21/slim">

  <leader>     nam a22     7a 4500</leader>
  <datafield tag="999" ind1=" " ind2=" ">
    <subfield code="c">56685</subfield>
    <subfield code="d">56685</subfield>
  </datafield>
  <controlfield tag="003">OSt</controlfield>
  <controlfield tag="005">20230522074835.0</controlfield>
  <controlfield tag="008">230522b        xxu||||| |||| 00| 0 eng d</controlfield>
  <datafield tag="040" ind1=" " ind2=" ">
    <subfield code="c">IIMTU , MEERUT</subfield>
  </datafield>
  <datafield tag="100" ind1=" " ind2=" ">
    <subfield code="a">SHARMA , TARACHANDRA</subfield>
  </datafield>
  <datafield tag="245" ind1=" " ind2=" ">
    <subfield code="a">SOLVED QUESTION PAPER FOR BAMS-1ST</subfield>
  </datafield>
  <datafield tag="250" ind1=" " ind2=" ">
    <subfield code="a">1 ST</subfield>
  </datafield>
  <datafield tag="260" ind1=" " ind2=" ">
    <subfield code="a">NEW DELHI</subfield>
    <subfield code="b">THIEME</subfield>
    <subfield code="c">2020</subfield>
  </datafield>
  <datafield tag="300" ind1=" " ind2=" ">
    <subfield code="a">102</subfield>
  </datafield>
  <datafield tag="942" ind1=" " ind2=" ">
    <subfield code="2">ddc</subfield>
    <subfield code="c">01</subfield>
    <subfield code="e">1 ST</subfield>
  </datafield>
  <datafield tag="952" ind1=" " ind2=" ">
    <subfield code="0">0</subfield>
    <subfield code="1">0</subfield>
    <subfield code="2">ddc</subfield>
    <subfield code="4">0</subfield>
    <subfield code="7">0</subfield>
    <subfield code="a">30</subfield>
    <subfield code="b">30</subfield>
    <subfield code="d">2023-05-13</subfield>
    <subfield code="e">CHAUKHAMBA</subfield>
    <subfield code="g">895.00</subfield>
    <subfield code="i">COP/B/181</subfield>
    <subfield code="l">9</subfield>
    <subfield code="m">1</subfield>
    <subfield code="o">615.583 (SHA)`</subfield>
    <subfield code="p">30-B-5993</subfield>
    <subfield code="r">2024-09-12</subfield>
    <subfield code="s">2024-09-12</subfield>
    <subfield code="v">895.00</subfield>
    <subfield code="w">2023-05-22</subfield>
    <subfield code="y">01</subfield>
  </datafield>
  <datafield tag="952" ind1=" " ind2=" ">
    <subfield code="0">0</subfield>
    <subfield code="1">0</subfield>
    <subfield code="2">ddc</subfield>
    <subfield code="4">0</subfield>
    <subfield code="7">0</subfield>
    <subfield code="a">30</subfield>
    <subfield code="b">30</subfield>
    <subfield code="d">2023-05-13</subfield>
    <subfield code="e">CHAUKHAMBA</subfield>
    <subfield code="g">895.00</subfield>
    <subfield code="i">COP/B/181</subfield>
    <subfield code="l">23</subfield>
    <subfield code="m">4</subfield>
    <subfield code="o">615.583 (SHA)`</subfield>
    <subfield code="p">30-B-5994</subfield>
    <subfield code="r">2026-02-19</subfield>
    <subfield code="s">2026-02-17</subfield>
    <subfield code="v">895.00</subfield>
    <subfield code="w">2023-05-22</subfield>
    <subfield code="y">01</subfield>
  </datafield>
  <datafield tag="952" ind1=" " ind2=" ">
    <subfield code="0">0</subfield>
    <subfield code="1">0</subfield>
    <subfield code="2">ddc</subfield>
    <subfield code="4">0</subfield>
    <subfield code="7">0</subfield>
    <subfield code="a">30</subfield>
    <subfield code="b">30</subfield>
    <subfield code="d">2023-05-13</subfield>
    <subfield code="e">CHAUKHAMBA</subfield>
    <subfield code="g">895.00</subfield>
    <subfield code="i">COP/B/181</subfield>
    <subfield code="l">18</subfield>
    <subfield code="o">615.583 (SHA)`</subfield>
    <subfield code="p">30-B-5995</subfield>
    <subfield code="r">2025-05-06</subfield>
    <subfield code="s">2025-05-06</subfield>
    <subfield code="v">895.00</subfield>
    <subfield code="w">2023-05-22</subfield>
    <subfield code="y">01</subfield>
  </datafield>
</record>
